000 00554nam a2200181Ia 4500
005 20250508164957.0
008 008 250505s9999 xx 000 0 eng d
037 _aReference
040 _aFEDL
_beng
_cFEDL
041 _aeng
_2eng
084 _a016.0014, SSA/RR
_qFEDL
245 0 _aAbstracts of research studies in elementary education (2003-2009)
245 0 _cSARVA SHIKSHA ABHIYAN
260 _aNew Delhi, India
_bEdCIL (India) Ltd.
_c2010
300 _a429p.
942 _cREF
_h016.0014, SSA/RR
999 _c1392444
_d1392444